Активный блок обработки сигнала для сабвуферного канала; Схемотехника; № 3

Bibliographic Details
Parent link:Схемотехника: научно-технический журнал.— , 2002-2007
№ 3.— 2003.— С. 42-46
Main Author: Ганичев Г. Григорий
Language:Russian
Published: 2003
Series:Мастер КИТ
Subjects:
Format: MixedMaterials Book Chapter
KOHA link:https://koha.lib.tpu.ru/cgi-bin/koha/opac-detail.pl?biblionumber=385548

MARC

LEADER 00000naa2a2200000 4500
001 385548
005 20231101063358.0
035 |a (RuTPU)RU\TPU\prd\13447 
090 |a 385548 
100 |a 20030507a2003 k y0rusy50 ca 
101 0 |a rus 
102 |a RU 
200 1 |a Активный блок обработки сигнала для сабвуферного канала  |f Г. Ганичев 
225 1 |a Мастер КИТ 
461 1 |0 (RuTPU)RU\TPU\prd\2494  |t Схемотехника  |o научно-технический журнал  |d 2002-2007 
463 1 |0 (RuTPU)RU\TPU\prd\13059  |t № 3  |v С. 42-46  |d 2003 
610 1 |a активный блок 
610 1 |a блоки обработки 
610 1 |a сигналы 
610 1 |a сабвуферный канал 
610 1 |a сабвуферы 
610 1 |a обработка 
700 1 |a Ганичев  |b Г.  |g Григорий 
801 1 |a RU  |b 63413507  |c 20030507  |g PSBO 
801 2 |a RU  |b 63413507  |c 20180911  |g RCR 
942 |c BK